| 000 | 01735nam0a2200361 i 4500 | ||
|---|---|---|---|
| 001 | RU\NLR\BIBL_A\010867344 | ||
| 005 | 20241101011324.0 | ||
| 010 |
_a9785431701603 _950 |
||
| 021 |
_aRU _b2015-73942 _94452 |
||
| 035 | _a(NILC)RuMoRGB-008027082 | ||
| 035 | _a(NLR Aleph) 010867344 | ||
| 090 |
_a10451039 _c10451039 |
||
| 100 | _a20151023d2015 u y0rusy50 ca | ||
| 101 | 0 |
_arus _aeng |
|
| 102 | _aRU | ||
| 105 | _ay|||z|||000gy | ||
| 200 | 1 |
_aБелочка, Филин и их друзья в английском лесу _dSguirrel, Eagle Owl and their friends in the English forest _e[учебно-методическое пособие в стихах] _fЕлена Романова, Дарья Вольнова _zeng |
|
| 210 |
_aСамара _cИнсома-пресс _d2015 |
||
| 215 |
_a49 с. _d21 |
||
| 300 | _aТекст на рус. и англ. яз. | ||
| 510 | 1 |
_6z11790 _aSguirrel, Eagle Owl and their friends in the English forest _zeng |
|
| 606 | 1 |
_aАнглийский язык _jУчебно-методические пособия _xЛексика _9969248 _3RU\NLR\AUTH\6644394 |
|
| 675 | _a811.111 | ||
| 686 | 1 | _aШ143.21-93рус-31 | |
| 700 | 1 |
_7ca _8rus _aРоманова _bЕ. А. _cписатель _gЕлена Александровна _9152404 _3RU\NLR\AUTH\770152442 |
|
| 701 | 1 |
_7ca _8rus _aВольнова _bД. С. _gДарья Сергеевна _9152721 _3RU\NLR\AUTH\770152759 |
|
| 790 | 1 |
_7ba _8rus _aRomanova _bE. A. _cписатель _gElena Aleksandrovna _9152726 _3RU\NLR\AUTH\770152764 |
|
| 790 | 1 |
_7ba _8rus _aVol'nova _bD. S. _gDar'ja Sergeevna _9152723 _3RU\NLR\AUTH\770152761 |
|
| 801 | 0 |
_aRU _bРГБ _c20150924 _gRCR |
|
| 942 | _cBOOK | ||
| 980 | _aNBR | ||